[Event "CYCC U14"]
[Site "Windsor CAN"]
[Date "2016.07.05"]
[Round "1.36"]
[White "Masse, Wade"]
[Black "De Costa, Alex"]
[Result "0-1"]
[WhiteElo "917"]
[BlackElo "1784"]
[PlyCount "84"]
[EventDate "2016.07.05"]
[EventType "swiss"]
[EventRounds "7"]
[EventCountry "CAN"]

1. e4 c5 2. Nf3 e6 3. d4 cxd4 4. Nxd4 a6 5. Nc3 Qc7 6. Nf3 b5 7. a3 Bb7 8. Be2
Nc6 9. O-O Be7 10. b4 Nf6 11. Re1 d6 12. Bf4 O-O 13. Bd3 Nxb4 14. axb4 Qxc3 15.
Rb1 Nd7 16. Rb3 Qc6 17. Be3 Nb6 18. Qd2 Nc4 19. Bxc4 bxc4 20. Rc3 Qb5 21. Rb1
Bxe4 22. Nd4 Qb7 23. Bh6 gxh6 24. Rg3+ Bg6 25. Qxh6 Qe4 26. Nf3 Qxc2 27. Re1
Rab8 28. Nh4 Bxh4 29. Qxh4 Rxb4 30. h3 Rb3 31. Qg4 Rxg3 32. fxg3 c3 33. h4 Qf5
34. Qxf5 Bxf5 35. Rc1 c2 36. Kf1 Rb8 37. Ke2 Rb1 38. Kd2 a5 39. g4 Be4 40. g5
a4 41. h5 a3 42. g6 fxg6 0-1

[Event "CYCC U14"]
[Site "Windsor CAN"]
[Date "2016.07.06"]
[Round "1.37"]
[White "Sivapathasundaram, Manojh"]
[Black "Morin, Keegan"]
[Result "1-0"]
[WhiteElo "1776"]
[BlackElo "846"]
[PlyCount "45"]
[EventDate "2016.07.05"]
[EventType "swiss"]
[EventRounds "7"]
[EventCountry "CAN"]

1. d4 e6 2. c4 Qf6 3. Nf3 Bb4+ 4. Bd2 Bxd2+ 5. Nbxd2 Qf4 6. e3 Qd6 7. c5 Qd5 8.
e4 Qh5 9. Be2 Qg4 10. O-O Qf4 11. d5 exd5 12. exd5 Qf6 13. Rb1 Ne7 14. Nc4 Qa6
15. Nd6+ cxd6 16. Bxa6 Nxa6 17. cxd6 Nf5 18. Re1+ Kd8 19. Qe2 Nxd6 20. Qe7+ Kc7
21. Rbc1+ Kb8 22. Qxd6+ Nc7 23. Qxc7# 1-0

[Event "CYCC U14"]
[Site "Windsor CAN"]
[Date "2016.07.05"]
[Round "1.39"]
[White "Lehingrat, Callum"]
[Black "Zhang, Kevin3"]
[Result "1-0"]
[WhiteElo "1688"]
[BlackElo "1205"]
[PlyCount "75"]
[EventDate "2016.07.05"]
[EventType "swiss"]
[EventRounds "7"]
[EventCountry "CAN"]

1. e4 e5 2. Nf3 Nc6 3. Bb5 Nf6 4. O-O Bc5 5. c3 Ng4 6. d4 exd4 7. cxd4 Bb4 8.
a3 Be7 9. Nc3 O-O 10. h3 Nf6 11. Re1 d5 12. e5 Ne4 13. Nxe4 dxe4 14. Bxc6 bxc6
15. Rxe4 Bf5 16. Re1 Qd5 17. Be3 Rfd8 18. Rc1 Qe6 19. Qa4 Qg6 20. Qxc6 Qh5 21.
g4 Bxg4 22. hxg4 Qxg4+ 23. Kh1 Re8 24. Nh2 Qh3 25. Qg2 Qh5 26. Rg1 Bf8 27. Qg4
Qxg4 28. Nxg4 Re6 29. Nh6+ Kh8 30. Nxf7+ Kg8 31. Rxc7 Be7 32. Nh6+ Kf8 33. Nf5
Bd8 34. Rcxg7 Rg6 35. R1xg6 hxg6 36. Rxg6 Bb6 37. e6 Ke8 38. Rg8# 1-0

[Event "CYCC U14"]
[Site "Windsor CAN"]
[Date "2016.07.05"]
[Round "1.40"]
[White "Morin, Gabriel"]
[Black "Ju, Lawrence"]
[Result "0-1"]
[WhiteElo "795"]
[BlackElo "1666"]
[PlyCount "90"]
[EventDate "2016.07.05"]
[EventType "swiss"]
[EventRounds "7"]
[EventCountry "CAN"]

1. e4 c5 2. Qh5 Nf6 3. Qxc5 Nxe4 4. Qe5 d5 5. d3 Nc6 6. Qf4 e5 7. Qe3 Bc5 8.
Qe2 Nd4 9. Qh5 Nxc2+ 10. Ke2 Qf6 11. f3 Nf2 12. Nc3 Bf5 13. Kd2 Nxa1 14. Nxd5
Qc6 15. Qxf5 Qxd5 16. f4 Bb4+ 17. Ke2 Nxh1 18. Qxe5+ Qxe5+ 19. fxe5 Rc8 20. Be3
Rc2+ 21. Kf3 Bd2 22. Bxd2 Rxd2 23. Ke3 Rf2 24. Be2 Nc2+ 25. Kd2 Nd4 26. Ke3
Nxe2 27. Nxe2 Rxe2+ 28. Kxe2 O-O 29. Kf1 Rc8 30. Ke2 Rc2+ 31. Kd1 Rxb2 32. Kc1
Rxa2 33. Kb1 Rxg2 34. d4 Rd2 35. h4 a5 36. d5 Rxd5 37. e6 fxe6 38. h5 e5 39.
Kb2 e4 40. Kc3 e3 41. Kc4 Rd2 42. h6 e2 43. hxg7 e1=Q 44. Kb5 Qb1+ 45. Kc4 Qb4#
0-1

[Event "CYCC U14"]
[Site "Windsor CAN"]
[Date "2016.07.05"]
[Round "1.41"]
[White "Chung, Alec"]
[Black "Zaid, Shahmeer"]
[Result "1-0"]
[WhiteElo "1653"]
[BlackElo "745"]
[PlyCount "47"]
[EventDate "2016.07.05"]
[EventType "swiss"]
[EventRounds "7"]
[EventCountry "CAN"]

1. c4 Nc6 2. Nc3 e5 3. g3 f5 4. Bg2 Bc5 5. e3 Nf6 6. Nge2 d6 7. O-O Be6 8. d4
exd4 9. exd4 Bb4 10. d5 Bxc3 11. Nxc3 Bxd5 12. cxd5 Ne7 13. Ne2 c6 14. Nf4 Qa5
15. Bd2 Qb5 16. Ne6 Rc8 17. Qb3 Qxb3 18. axb3 a6 19. dxc6 Nxc6 20. Nxg7+ Kf8
21. Nxf5 b6 22. Bh6+ Kg8 23. Bxc6 Rxc6 24. Ne7+ 1-0

[Event "CYCC U14"]
[Site "Windsor CAN"]
[Date "2016.07.05"]
[Round "1.42"]
[White "Periappuram, Jacob"]
[Black "Li, Eric M"]
[Result "0-1"]
[WhiteElo "635"]
[BlackElo "1637"]
[PlyCount "52"]
[EventDate "2016.07.05"]
[EventType "swiss"]
[EventRounds "7"]
[EventCountry "CAN"]

1. e4 c5 2. Nf3 Nc6 3. Bc4 e6 4. O-O Nf6 5. Nc3 d5 6. exd5 exd5 7. Bb5 Be7 8.
d4 c4 9. Bg5 O-O 10. Re1 a6 11. Bxc6 bxc6 12. Ne5 Bb7 13. Qf3 h6 14. Bxf6 Bxf6
15. Ng4 Bxd4 16. Qg3 Kh8 17. Rab1 Qg5 18. Ne2 Ba7 19. c3 Rfe8 20. Nd4 Bxd4 21.
cxd4 f6 22. Re3 h5 23. Rbe1 Rxe3 24. Rxe3 Qxg4 25. Qc7 Qd1+ 26. Re1 Qxe1# 0-1

[Event "CYCC U14"]
[Site "Windsor CAN"]
[Date "2016.07.05"]
[Round "1.43"]
[White "Guan, Zi Yu"]
[Black "Kuo, Webster"]
[Result "1-0"]
[WhiteElo "1637"]
[BlackElo "594"]
[PlyCount "35"]
[EventDate "2016.07.05"]
[EventType "swiss"]
[EventRounds "7"]
[EventCountry "CAN"]

1. e4 e5 2. Nf3 Nc6 3. d4 d5 4. exd5 Qxd5 5. Nc3 Qd8 6. Bb5 a6 7. Bxc6+ bxc6 8.
Nxe5 Nf6 9. Qe2 Bb7 10. Nxc6+ Be7 11. Nxd8 Rxd8 12. O-O Rxd4 13. Re1 Rd7 14.
Bg5 O-O 15. Rad1 Rfd8 16. Bxf6 Bxf6 17. Qe8+ Rxe8 18. Rxe8# 1-0

[Event "CYCC U14"]
[Site "Windsor CAN"]
[Date "2016.07.06"]
[Round "2.21"]
[White "Doknjas, Joshua"]
[Black "Gaisinsky, Adam"]
[Result "1/2-1/2"]
[WhiteElo "2201"]
[BlackElo "1913"]
[PlyCount "80"]
[EventDate "2016.07.05"]
[EventType "swiss"]
[EventRounds "7"]
[EventCountry "CAN"]

1. e4 e5 2. Nf3 Nc6 3. Bc4 Nf6 4. d3 Bc5 5. c3 O-O 6. Bg5 h6 7. Bh4 Be7 8. Nbd2
d6 9. h3 Nh5 10. Bxe7 Qxe7 11. g3 Nf6 12. Qe2 Na5 13. Bb5 a6 14. Ba4 b5 15. Bc2
c5 16. a3 Be6 17. Nf1 Qd7 18. g4 Nc6 19. Qe3 Nh7 20. Ng3 Ne7 21. d4 cxd4 22.
cxd4 Qc7 23. Bd3 Ng6 24. Nh5 Qe7 25. d5 Bd7 26. O-O Nf6 27. Nxf6+ Qxf6 28. Kh2
Nf4 29. Bc2 Rac8 30. Bb3 h5 31. g5 Qe7 32. h4 Bg4 33. Ne1 f6 34. f3 Bd7 35. Rg1
f5 36. Bc2 g6 37. Rd1 fxe4 38. Bxe4 Bf5 39. Rd2 Qd7 40. Rg3 Rc4 1/2-1/2

[Event "CYCC U14"]
[Site "Windsor CAN"]
[Date "2016.07.06"]
[Round "2.22"]
[White "Wang, Kaixin"]
[Black "Hua, Eugene"]
[Result "0-1"]
[WhiteElo "1853"]
[BlackElo "2201"]
[PlyCount "60"]
[EventDate "2016.07.05"]
[EventType "swiss"]
[EventRounds "7"]
[EventCountry "CAN"]

1. e4 c5 2. Nf3 e6 3. d4 cxd4 4. Nxd4 Nc6 5. Nc3 Qc7 6. Be3 a6 7. Be2 Nf6 8.
O-O Bb4 9. f3 O-O 10. Kh1 h6 11. a3 Bxc3 12. bxc3 Ne5 13. Nb3 d5 14. Qd4 Nc6
15. Qa4 b5 16. Bxb5 axb5 17. Qxa8 Bb7 18. Bf4 Qe7 19. Qxf8+ Qxf8 20. exd5 Nxd5
21. Bd2 Ne5 22. Na5 Qa8 23. Rfe1 Nxf3 24. gxf3 Qxa5 25. Kg2 Qc7 26. Rab1 Nxc3
27. Rb3 Nd5 28. Rb2 Nf4+ 29. Kf2 Qc5+ 30. Re3 Nd5 0-1

[Event "CYCC U14"]
[Site "Windsor CAN"]
[Date "2016.07.06"]
[Round "2.23"]
[White "Cai, Jason"]
[Black "Zhang, Zhehai"]
[Result "1-0"]
[WhiteElo "2185"]
[BlackElo "1837"]
[PlyCount "157"]
[EventDate "2016.07.05"]
[EventType "swiss"]
[EventRounds "7"]
[EventCountry "CAN"]

1. e4 c5 2. Nf3 e6 3. d4 cxd4 4. Nxd4 Nc6 5. Nb5 d6 6. c4 a6 7. N5a3 Nf6 8. Nc3
Be7 9. Be2 O-O 10. O-O Qc7 11. Be3 b6 12. Rc1 Nd7 13. Nc2 Bb7 14. f3 Rac8 15.
Nd4 Qb8 16. a3 Na5 17. Na4 Ba8 18. b4 Nc6 19. Qd2 Rc7 20. Rfd1 Rfc8 21. Nb2
Nxd4 22. Bxd4 b5 23. Kh1 Rc6 24. Rc3 Bf6 25. Rdc1 Bxd4 26. Qxd4 bxc4 27. Rxc4
d5 28. exd5 exd5 29. Rxc6 Rxc6 30. Rxc6 Bxc6 31. Bxa6 Bb5 32. Bxb5 Qxb5 33. h3
h6 34. a4 Qb7 35. b5 Nf6 36. Nd3 Qc7 37. Qc5 Qa5 38. b6 Qxa4 39. b7 Nd7 40.
Qxd5 Kh7 41. Qf5+ Kg8 42. Nc5 Qd1+ 43. Kh2 Qd6+ 44. f4 Nb8 45. Ne4 Qd7 46. Qxd7
Nxd7 47. Nc5 Nb8 48. g4 Kf8 49. h4 Ke7 50. h5 Kd6 51. Ne4+ Kc7 52. g5 Nd7 53.
Kg3 f6 54. gxh6 gxh6 55. Kg4 Kxb7 56. Kf5 Kc7 57. Nxf6 Nc5 58. Ng4 Kd7 59. Nxh6
Ke7 60. Kg6 Ne4 61. f5 Nf6 62. Kg5 Ne4+ 63. Kg4 Nf6+ 64. Kh4 Nh7 65. Ng4 Kf7
66. h6 Ke7 67. Kg3 Ke8 68. Kf4 Kf7 69. Ke5 Ke7 70. f6+ Kf7 71. Kf5 Nf8 72. Ne5+
Kg8 73. Ng6 Nh7 74. Ke6 Ng5+ 75. Ke7 Kh7 76. Ne5 Kg8 77. f7+ Nxf7 78. Nxf7 Kh7
79. Kf6 1-0

[Event "CYCC U14"]
[Site "Windsor CAN"]
[Date "2016.07.06"]
[Round "2.24"]
[White "De Costa, Alex"]
[Black "Liang, Hairan"]
[Result "0-1"]
[WhiteElo "1784"]
[BlackElo "2182"]
[PlyCount "88"]
[EventDate "2016.07.05"]
[EventType "swiss"]
[EventRounds "7"]
[EventCountry "CAN"]

1. e4 c5 2. Nc3 Nc6 3. g3 g6 4. Bg2 Bg7 5. d3 e5 6. f4 d6 7. Nh3 Nge7 8. O-O
O-O 9. f5 gxf5 10. Qh5 f6 11. exf5 Qe8 12. Qg4 Nd4 13. Rf2 Bxf5 14. Qd1 Qd7 15.
Qf1 d5 16. Kh1 Be6 17. Be3 Nef5 18. Bc1 Rf7 19. Ng1 Raf8 20. Nf3 Nxf3 21. Bxf3
Nd4 22. Bg2 b5 23. Nd1 Kh8 24. c3 Nf5 25. Ne3 Nxe3 26. Bxe3 d4 27. cxd4 cxd4
28. Bd2 Bd5 29. b3 f5 30. Rc1 e4 31. Bb4 Re8 32. dxe4 fxe4 33. Rxf7 Qxf7 34.
Qxf7 Bxf7 35. Rc7 Bh5 36. Rxa7 d3 37. Rd7 Bg6 38. Bf1 Bf5 39. Rd5 Bg4 40. Kg1
Bh6 41. Bg2 Be3+ 42. Kf1 Rc8 43. Ba3 d2 44. Bxe4 Rc1+ 0-1

[Event "CYCC U14"]
[Site "Windsor CAN"]
[Date "2016.07.06"]
[Round "2.25"]
[White "Zhang, Henry"]
[Black "Sivapathasundaram, Manojh"]
[Result "1/2-1/2"]
[WhiteElo "2113"]
[BlackElo "1776"]
[PlyCount "48"]
[EventDate "2016.07.05"]
[EventType "swiss"]
[EventRounds "7"]
[EventCountry "CAN"]

1. e4 c5 2. Nf3 d6 3. d4 cxd4 4. Qxd4 a6 5. c4 Nc6 6. Qe3 g6 7. h3 Bh6 8. Qc3
Qa5 9. Bxh6 Nxh6 10. Be2 Qxc3+ 11. Nxc3 e6 12. O-O f6 13. a3 Nf7 14. Rfd1 Rb8
15. Rac1 Bd7 16. b4 Ke7 17. Rd2 Nfe5 18. Rcd1 Nxf3+ 19. Bxf3 e5 20. c5 Nd4 21.
cxd6+ Kf7 22. Rd3 Rbc8 23. Kh2 Rhd8 24. Re3 Be6 1/2-1/2

[Event "CYCC U14"]
[Site "Windsor CAN"]
[Date "2016.07.06"]
[Round "2.26"]
[White "Uthayakumar, Ronan"]
[Black "Li, William"]
[Result "0-1"]
[WhiteElo "1751"]
[BlackElo "2075"]
[PlyCount "79"]
[EventDate "2016.07.05"]
[EventType "swiss"]
[EventRounds "7"]
[EventCountry "CAN"]

1. e4 c5 2. Nf3 d6 3. d4 cxd4 4. Nxd4 Nf6 5. Nc3 a6 6. Be2 e5 7. Nb3 Be7 8. Be3
Be6 9. O-O O-O 10. Qd2 Nbd7 11. Rfd1 b5 12. a3 Rc8 13. f3 Qc7 14. Rac1 Rfd8 15.
Qe1 Nb6 16. Qf2 Nfd7 17. Nd5 Bxd5 18. exd5 Nc4 19. Bxc4 bxc4 20. Nd2 f5 21. f4
g6 22. Nf3 Bf6 23. b3 Nc5 24. Bxc5 Qxc5 25. Qxc5 Rxc5 26. Ng5 Bxg5 27. fxg5
cxb3 28. cxb3 Rdc8 29. Rxc5 Rxc5 30. b4 Rc3 31. a4 Rb3 32. Rc1 Rxb4 33. Rc8+
Kf7 34. Rc7+ Ke8 35. Rxh7 Rxa4 36. Rg7 Rd4 37. Rxg6 Rxd5 38. h4 Ke7 39. h5 Rb5
40. Rg7+ 0-1

[Event "CYCC U14"]
[Site "Windsor CAN"]
[Date "2016.07.06"]
[Round "2.27"]
[White "Surya, Benito"]
[Black "Lehingrat, Callum"]
[Result "1/2-1/2"]
[WhiteElo "2001"]
[BlackElo "1688"]
[PlyCount "89"]
[EventDate "2016.07.05"]
[EventType "swiss"]
[EventRounds "7"]
[EventCountry "CAN"]

1. e4 c5 2. Nf3 d6 3. d4 cxd4 4. Nxd4 Nf6 5. Nc3 a6 6. Bc4 e6 7. Bb3 Nc6 8. O-O
Qc7 9. Re1 Be7 10. Bg5 O-O 11. Nxc6 bxc6 12. f4 h6 13. Bxf6 Bxf6 14. Qe2 d5 15.
e5 Be7 16. Nd1 c5 17. c3 Rb8 18. Bc2 c4 19. Rf1 Bc5+ 20. Kh1 Qa7 21. Rf3 Rd8
22. Rg3 Bf8 23. Ne3 Rb7 24. Qh5 g6 25. Ng4 Bg7 26. Nxh6+ Kf8 27. Qg5 Rdd7 28.
Ba4 Re7 29. Ng4 Bd7 30. Bxd7 Rexd7 31. Nf6 Bxf6 32. Qxf6 Ke8 33. Rh3 Re7 34.
Rh8+ Kd7 35. Rf8 Kc6 36. Rc8+ Rec7 37. Qd8 Rxc8 38. Qxc8+ Rc7 39. Qe8+ Rd7 40.
Qc8+ Rc7 41. Qe8+ Rd7 42. h3 Qb6 43. b4 Kc7 44. Rf1 d4 45. cxd4 1/2-1/2

[Event "CYCC U14"]
[Site "Windsor CAN"]
[Date "2016.07.06"]
[Round "2.28"]
[White "Ju, Lawrence"]
[Black "Liu, Lambert"]
[Result "0-1"]
[WhiteElo "1666"]
[BlackElo "1993"]
[PlyCount "74"]
[EventDate "2016.07.05"]
[EventType "swiss"]
[EventRounds "7"]
[EventCountry "CAN"]

1. d4 f5 2. c4 Nf6 3. Nc3 d6 4. Nf3 g6 5. g3 Bg7 6. Bg2 O-O 7. Qb3 Kh8 8. Ng5
c6 9. e3 h6 10. Nf3 Qe8 11. Ne2 Na6 12. Bd2 e5 13. dxe5 dxe5 14. Bc3 Ne4 15.
Nd2 Nac5 16. Qc2 Nxc3 17. Nxc3 a5 18. Na4 Nxa4 19. Qxa4 e4 20. Qb3 a4 21. Qa3
Qe5 22. Rb1 Rd8 23. f4 Qa5 24. Rd1 c5 25. Ke2 Rd3 26. b3 axb3 27. Qxa5 Rxa5 28.
Nxb3 Rxa2+ 29. Rd2 Rdxd2+ 30. Nxd2 Bc3 31. Rd1 Bd7 32. Kf1 Rxd2 33. Rxd2 Bxd2
34. Ke2 Bc1 35. Bf1 b5 36. Kf2 b4 37. Be2 Ba4 0-1

[Event "CYCC U14"]
[Site "Windsor CAN"]
[Date "2016.07.06"]
[Round "2.29"]
[White "Liu, Daniel"]
[Black "Chung, Alec"]
[Result "1-0"]
[WhiteElo "1970"]
[BlackElo "1653"]
[PlyCount "91"]
[EventDate "2016.07.05"]
[EventType "swiss"]
[EventRounds "7"]
[EventCountry "CAN"]

1. e4 c5 2. Nf3 d6 3. d4 cxd4 4. Nxd4 Nf6 5. Nc3 a6 6. g3 e5 7. Nb3 Be6 8. Bg2
Be7 9. O-O O-O 10. h3 Nbd7 11. Nd5 Nxd5 12. exd5 Bf5 13. Be3 Rc8 14. Rc1 Bg5
15. Qe2 b5 16. Kh2 Nb6 17. Na5 Bxe3 18. Nc6 Rxc6 19. fxe3 Rxc2 20. Rxc2 Bxc2
21. Qxc2 Nc4 22. Qf2 Qg5 23. Re1 Kh8 24. b3 Nb6 25. e4 Nd7 26. Qa7 Nc5 27. b4
Nd3 28. Rf1 Kg8 29. Qxa6 Nxb4 30. Qxb5 Nxa2 31. Qb2 Rc8 32. Qxa2 h6 33. Qf2 Rc7
34. h4 Qg4 35. Rb1 Qc8 36. Qb6 Rc2 37. Qb8 Qxb8 38. Rxb8+ Kh7 39. Rd8 f5 40.
exf5 e4 41. Rxd6 e3 42. Re6 e2 43. Kh3 Rd2 44. Bf3 Rd3 45. Kg2 Rd2 46. Rxe2 1-0

[Event "CYCC U14"]
[Site "Windsor CAN"]
[Date "2016.07.06"]
[Round "2.30"]
[White "Li, Eric M"]
[Black "Wang, Jeff"]
[Result "1-0"]
[WhiteElo "1637"]
[BlackElo "1920"]
[PlyCount "109"]
[EventDate "2016.07.05"]
[EventType "swiss"]
[EventRounds "7"]
[EventCountry "CAN"]

1. e4 c5 2. Nf3 d6 3. d4 cxd4 4. Nxd4 Nf6 5. Nc3 g6 6. Be2 Bg7 7. Be3 O-O 8.
Qd2 Nc6 9. O-O d5 10. exd5 Nxd5 11. Nxd5 Qxd5 12. Bf3 Qc4 13. Nxc6 bxc6 14. b3
Qe6 15. Rad1 Bb7 16. Rfe1 Qf5 17. Qb4 Rab8 18. Bxa7 c5 19. Qxc5 Qxc5 20. Bxc5
Bxf3 21. gxf3 Rfc8 22. b4 Bc3 23. Re4 Ra8 24. Re3 Bb2 25. a3 Rxa3 26. Rxa3 Bxa3
27. Rb1 e5 28. Kf1 Kg7 29. Ke2 Kf6 30. Kd3 Rxc5 31. bxc5 Bxc5 32. Ke2 h5 33. c4
Ke6 34. Rd1 Bd4 35. Rxd4 exd4 36. Kd3 Kd6 37. Kxd4 g5 38. c5+ Ke6 39. c6 Kd6
40. c7 Kxc7 41. Ke5 g4 42. fxg4 hxg4 43. Kf4 Kd6 44. Kxg4 Ke7 45. Kf5 Kf8 46.
Kf6 Kg8 47. f4 Kf8 48. f5 Kg8 49. h4 Kf8 50. h5 Kg8 51. h6 Kh8 52. Kxf7 Kh7 53.
Ke7 Kh8 54. h7 Kg7 55. h8=Q+ 1-0

[Event "CYCC U14"]
[Site "Windsor CAN"]
[Date "2016.07.06"]
[Round "2.31"]
[White "Singh, Malhar"]
[Black "Guan, Zi Yu"]
[Result "1/2-1/2"]
[WhiteElo "1592"]
[BlackElo "1637"]
[PlyCount "114"]
[EventDate "2016.07.05"]
[EventType "swiss"]
[EventRounds "7"]
[EventCountry "CAN"]

1. d4 Nf6 2. c4 e6 3. Nc3 Bb4 4. Qc2 O-O 5. Nf3 d5 6. Bg5 Nbd7 7. e3 c5 8. Bd3
Qc7 9. Bf4 Qc6 10. cxd5 exd5 11. O-O Bxc3 12. bxc3 c4 13. Bf5 h6 14. Qe2 Nh5
15. Bc2 Nxf4 16. exf4 Nf6 17. a4 Bg4 18. h3 Rfe8 19. Qd2 Bxf3 20. gxf3 Nh5 21.
Rfe1 Qf6 22. Rxe8+ Rxe8 23. Re1 Rf8 24. Re5 Nxf4 25. Kh2 Qh4 26. Bf5 g6 27. Bg4
Nd3 28. f4 h5 29. Bf3 Nxe5 30. fxe5 Rd8 31. Kg2 Qe7 32. Qb2 b6 33. Kf1 Qd7 34.
Qb4 Qxh3+ 35. Bg2 Qd7 36. a5 bxa5 37. Qxa5 Qb7 38. Qxd8+ Kh7 39. Bxd5 Qb1+ 40.
Kg2 Qf5 41. Qh4 a5 42. Be4 Qe6 43. Qxh5+ Kg7 44. Qd1 a4 45. Bf3 a3 46. Qa4 Qe7
47. Qxc4 Qg5+ 48. Kf1 Qc1+ 49. Kg2 Qg5+ 50. Kh2 Qf4+ 51. Kg2 Qg5+ 52. Kh3 Qh6+
53. Kg3 Qg5+ 54. Bg4 Qd2 55. Qf1 Qxc3+ 56. Kh4 a2 57. Qa6 a1=Q 1/2-1/2

[Event "CYCC U14"]
[Site "Windsor CAN"]
[Date "2016.07.06"]
[Round "2.32"]
[White "Leong, Ryan"]
[Black "Li, Yang"]
[Result "1/2-1/2"]
[WhiteElo "1616"]
[BlackElo "1075"]
[PlyCount "74"]
[EventDate "2016.07.05"]
[EventType "swiss"]
[EventRounds "7"]
[EventCountry "CAN"]

1. Nf3 Nf6 2. g3 d5 3. Bg2 Bg4 4. O-O Bxf3 5. Bxf3 e6 6. c4 Nc6 7. cxd5 Nxd5 8.
a3 Qd7 9. Nc3 Nxc3 10. bxc3 Be7 11. Rb1 Rb8 12. Qa4 O-O 13. d4 Rfd8 14. Bf4 Ne5
15. Qxd7 Nxf3+ 16. exf3 Rxd7 17. Rb3 Bd6 18. Be3 b6 19. c4 Rdd8 20. Rfb1 c6 21.
a4 Bc7 22. f4 f5 23. Kf1 Kf8 24. Ke2 Ke7 25. h4 h5 26. f3 g6 27. Bf2 Kd6 28.
Rd3 a6 29. Be1 b5 30. Bb4+ Kd7 31. cxb5 cxb5 32. a5 Bd6 33. d5 Bxb4 34. Rxb4
Ke7 35. Rbd4 exd5 36. Rxd5 Rxd5 37. Rxd5 b4 1/2-1/2

[Event "CYCC U14"]
[Site "Windsor CAN"]
[Date "2016.07.06"]
[Round "2.33"]
[White "Atanasov, David"]
[Black "Yang, Brett"]
[Result "1-0"]
[WhiteElo "1467"]
[BlackElo "1040"]
[PlyCount "67"]
[EventDate "2016.07.05"]
[EventType "swiss"]
[EventRounds "7"]
[EventCountry "CAN"]

1. d4 d5 2. c4 Nf6 3. cxd5 Nxd5 4. e4 Nf6 5. Bd3 Nc6 6. Ne2 a6 7. Nbc3 e6 8.
Bg5 Be7 9. Bf4 b5 10. Nxb5 axb5 11. Bxb5 Bd7 12. Rc1 Bb4+ 13. Bd2 Nxe4 14. Nc3
Bxc3 15. Bxc3 Nd6 16. Ba4 Na5 17. d5 O-O 18. Qg4 Nf5 19. Bc2 g6 20. h4 exd5 21.
Qf4 c5 22. g4 d4 23. Bd2 Nxh4 24. Qh6 Bb5 25. Rxh4 Qe7+ 26. Be3 Qxh4 27. Qxh4
dxe3 28. fxe3 Rfe8 29. Kf2 Rad8 30. Rh1 Rd2+ 31. Kg1 Rxe3 32. Qxh7+ Kf8 33.
Qh6+ Ke8 34. Qxe3+ 1-0

[Event "CYCC U14"]
[Site "Windsor CAN"]
[Date "2016.07.06"]
[Round "2.34"]
[White "Novakovic, David"]
[Black "Mathews, Joshua"]
[Result "0-1"]
[WhiteElo "939"]
[BlackElo "1361"]
[PlyCount "106"]
[EventDate "2016.07.05"]
[EventType "swiss"]
[EventRounds "7"]
[EventCountry "CAN"]

1. e4 e5 2. Nf3 Nc6 3. d4 exd4 4. Nxd4 Nf6 5. Nxc6 bxc6 6. Bg5 Be7 7. e5 Nd5 8.
Bxe7 Qxe7 9. Qe2 O-O 10. Nd2 Nb4 11. Nf3 Qc5 12. c3 Nd5 13. Qc4 Qe7 14. Bd3 Nb6
15. Qh4 Qxh4 16. Nxh4 Re8 17. Nf3 d6 18. O-O dxe5 19. Rad1 Bb7 20. Ng5 g6 21.
Be4 f6 22. Nf3 f5 23. Bc2 c5 24. Bb3+ c4 25. Bc2 Bxf3 26. gxf3 Rad8 27. b3 cxb3
28. Bxb3+ Kg7 29. Rfe1 Rxd1 30. Rxd1 e4 31. Re1 Kf6 32. Bc2 Nc4 33. fxe4 fxe4
34. Rxe4 Rxe4 35. Bxe4 Ke5 36. f3 Kf4 37. Kf2 Nd2 38. Bd5 Nb1 39. Bg8 h6 40. c4
c6 41. Bh7 Nd2 42. Kg2 Nxc4 43. Bxg6 Ne5 44. Be4 c5 45. h4 c4 46. Kf2 c3 47.
Ke2 Nxf3 48. Bc2 Nd4+ 49. Kd3 Nxc2 50. Kxc2 Kg4 51. Kxc3 Kxh4 52. Kd2 Kg3 53.
Ke2 Kg2 0-1

[Event "CYCC U14"]
[Site "Windsor CAN"]
[Date "2016.07.06"]
[Round "2.35"]
[White "Chertkow, Matthew"]
[Black "Eckert, Ethan"]
[Result "1/2-1/2"]
[WhiteElo "1325"]
[BlackElo "997"]
[PlyCount "53"]
[EventDate "2016.07.05"]
[EventType "swiss"]
[EventRounds "7"]
[EventCountry "CAN"]

1. e4 c5 2. Nf3 Nc6 3. Nc3 g6 4. d4 cxd4 5. Nxd4 Bg7 6. Be3 Nf6 7. Be2 d5 8.
exd5 Nxd5 9. Nxd5 Qxd5 10. Bf3 Qa5+ 11. c3 Bd7 12. O-O O-O 13. Nxc6 Bxc6 14.
Bxc6 bxc6 15. Qd7 Rab8 16. Qxe7 Rxb2 17. Qxa7 Qxa7 18. Bxa7 Ra8 19. Bd4 Raxa2
20. Rxa2 Rxa2 21. h3 Rc2 22. Rd1 h5 23. Rd3 c5 24. Bxc5 Bxc3 25. Bd4 Bxd4 26.
Rxd4 Kg7 27. g3 1/2-1/2

[Event "CYCC U14"]
[Site "Windsor CAN"]
[Date "2016.07.06"]
[Round "2.36"]
[White "Morin, Keegan"]
[Black "Jeyakumar, Yathushan"]
[Result "0-1"]
[WhiteElo "846"]
[BlackElo "1297"]
[PlyCount "54"]
[EventDate "2016.07.05"]
[EventType "swiss"]
[EventRounds "7"]
[EventCountry "CAN"]

1. e4 c5 2. Bc4 e6 3. d4 cxd4 4. Qxd4 Nc6 5. Qd2 Bb4 6. c3 Bc5 7. b4 Bb6 8. Qd6
Bc7 9. Qc5 b6 10. Qb5 a6 11. Qa4 Bb7 12. f3 b5 13. Bxb5 axb5 14. Qxb5 Ba6 15.
Qh5 Nf6 16. Qg5 O-O 17. Qd2 Ne5 18. Qg5 Nd3+ 19. Ke2 Nxc1+ 20. Kd1 Nd3 21. Qd2
Bf4 22. Qe2 Qb6 23. g3 Nf2+ 24. Ke1 Bxe2 25. Kxe2 Qe3+ 26. Kf1 Nd3 27. Ne2 Qf2#
0-1

[Event "CYCC U14"]
[Site "Windsor CAN"]
[Date "2016.07.06"]
[Round "2.37"]
[White "Hou, Frank"]
[Black "Masse, Wade"]
[Result "1-0"]
[WhiteElo "1273"]
[BlackElo "917"]
[PlyCount "113"]
[EventDate "2016.07.05"]
[EventType "swiss"]
[EventRounds "7"]
[EventCountry "CAN"]

1. e4 e5 2. Nf3 Nc6 3. Bb5 Nf6 4. Nc3 d6 5. O-O a6 6. Bxc6+ bxc6 7. Re1 Be6 8.
d4 Be7 9. dxe5 dxe5 10. Nxe5 Qxd1 11. Rxd1 c5 12. Be3 O-O 13. Nc6 Rfe8 14.
Nxe7+ Rxe7 15. Bxc5 Ree8 16. Bd4 Nh5 17. Ne2 Rad8 18. Be3 Rxd1+ 19. Rxd1 Bg4
20. f3 Be6 21. Nf4 Nxf4 22. Bxf4 c5 23. Kf2 Bxa2 24. b3 c4 25. Ra1 cxb3 26.
cxb3 Bxb3 27. Rxa6 Bc4 28. Rd6 f6 29. h4 Kf7 30. Rd7+ Re7 31. Rd4 Bb5 32. Kg3
Bd7 33. Bd2 h5 34. Bb4 Be6 35. Bxe7 Kxe7 36. Kf4 Bd7 37. e5 f5 38. Rxd7+ Kxd7
39. Kxf5 Ke7 40. Kg6 Ke6 41. Kxh5 Kxe5 42. Kg6 Kf4 43. Kxg7 Kg3 44. h5 Kh4 45.
h6 Kg3 46. h7 Kf2 47. h8=Q Kg1 48. Kg6 Kf2 49. g3 Kxf3 50. Qc3+ Kg4 51. Qd4+
Kh3 52. g4 Kh4 53. g5+ Kg3 54. Kf5 Kh3 55. Qd3+ Kh4 56. g6 Kh5 57. Qh3# 1-0

[Event "CYCC U14"]
[Site "Windsor CAN"]
[Date "2016.07.06"]
[Round "2.38"]
[White "Zhang, Kevin3"]
[Black "Fox, Dylan"]
[Result "1-0"]
[WhiteElo "1205"]
[BlackElo "1252"]
[PlyCount "121"]
[EventDate "2016.07.05"]
[EventType "swiss"]
[EventRounds "7"]
[EventCountry "CAN"]

1. e4 c5 2. Nf3 d6 3. d4 cxd4 4. Nxd4 Nf6 5. Nc3 a6 6. Be2 e6 7. Bg5 Nbd7 8.
O-O h6 9. Bh4 b5 10. Bg3 Bb7 11. Nf3 Nc5 12. b4 Ncxe4 13. Nxe4 Nxe4 14. Re1 Be7
15. Bd3 Nc3 16. Qd2 Rc8 17. Nd4 Bf6 18. Nxe6 fxe6 19. Bg6+ Ke7 20. Qf4 Nd5 21.
Qg4 Qd7 22. Bf5 Nc7 23. Rad1 h5 24. Qh3 g6 25. Bxd6+ Kf7 26. Bxc7 Qxc7 27.
Bxe6+ Kg7 28. Rd7+ Qxd7 29. Bxd7 Rcd8 30. Be6 Rhe8 31. Qg3 Bc8 32. Qc7+ Kh8 33.
h3 Bxe6 34. Qc6 Rc8 35. Qxa6 Ra8 36. Qxb5 Bd7 37. Rxe8+ Bxe8 38. Qd5 Rd8 39.
Qe6 Kg7 40. c4 Bf7 41. Qe4 Rd4 42. Qb1 Rxc4 43. b5 Be5 44. b6 Rd4 45. f3 Rd8
46. Qb5 Bd4+ 47. Kf1 Rb8 48. b7 Kf6 49. Qc6+ Be6 50. a4 h4 51. a5 g5 52. a6 Ba7
53. Qc3+ Kg6 54. Qe5 Re8 55. Qe4+ Kf6 56. Qc6 Rb8 57. Qd6 Re8 58. f4 Kf7 59.
Qc7+ Re7 60. b8=Q Bc4+ 61. Qxc4+ 1-0